| 000 -LEADER |
| fixed length control field |
00528cam a22001217a 4500 |
| 008 - FIXED-LENGTH DATA ELEMENTS--GENERAL INFORMATION |
| fixed length control field |
180718b1988 xxu||||| |||| 00| 0 eng d |
| 082 ## - DEWEY DECIMAL CLASSIFICATION NUMBER |
| Classification number |
PROJ.REP. 1988/UPA |
| 100 ## - MAIN ENTRY--PERSONAL NAME |
| Personal name |
Upadhyay, J.N. |
| 245 ## - TITLE STATEMENT |
| Title |
Case studies pertaining small scale watersheds choti-bari nangal, district - Ropar (Punjab) manhota- katur, district - Hoshiarpur (Punjab) and bunga, district - Ambala (Haryana) |
| Statement of responsibility, etc. |
by J.N. Upadhyay |
| 260 ## - PUBLICATION, DISTRIBUTION, ETC. |
| Place of publication, distribution, etc. |
New Delhi |
| Name of publisher, distributor, etc. |
Indian Institute of Public Administration |
| Date of publication, distribution, etc. |
1988 |
| 300 ## - PHYSICAL DESCRIPTION |
| Extent |
91+p. |
| 440 ## - SERIES STATEMENT/ADDED ENTRY--TITLE |
| Title |
IIPA Working Paper, 1988: 4 |